Imperio e información: funciones del saber en el dominio colonial español
Uloženo v:
| Hlavní autor: | |
|---|---|
| Médium: | Kniha |
| Jazyk: | španělština |
| Vydáno: |
Madrid, España
Iberoamericana
2016
|
| Vydání: | Segunda edición |
| Edice: | Tiempo Emulado. Historia de América y España,
25 |
| Témata: | |
| On-line přístup: | Disponible Online - Cap.1 - Omnividencia y ceguera del soberano.pdf |
| Tagy: |
Přidat tag
Žádné tagy, Buďte první, kdo vytvoří štítek k tomuto záznamu!
|
MARC
| LEADER | 00000cam a2200000 a 4500 | ||
|---|---|---|---|
| 001 | UCC0566 | ||
| 003 | CL-VaPUC | ||
| 005 | 20210324150253.0 | ||
| 008 | 170818e20160000sp |||||||||||||||||spa|d | ||
| 999 | |c 369370 |d 369368 | ||
| 020 | |a 9783954875276 | ||
| 040 | |c Pontificia Universidad Católica de Valparaíso | ||
| 082 | 0 | 4 | |a 946.03 BRE 2016 |2 21 |
| 100 | 0 | |a Brendecke, Arndt |e author |9 594567 | |
| 245 | 1 | 0 | |a Imperio e información: |b funciones del saber en el dominio colonial español |
| 250 | |a Segunda edición | ||
| 260 | |a Madrid, España |b Iberoamericana |c 2016 | ||
| 300 | |a 593 páginas | ||
| 490 | 0 | |a Tiempo Emulado. Historia de América y España, |v 25 | |
| 583 | |a last modification |c 20170818 15:36:00 |k Rodrigo Vera | ||
| 650 | 0 | |a Imperio español |2 CL-VaPUC |9 445048 | |
| 650 | 0 | |a Civilizaciones americanas |2 CL-VaPUC |9 394671 | |
| 651 | 0 | |a América Latina |9 255027 | |
| 856 | |u http://bibliografiadigital.pucv.cl.pucv.idm.oclc.org/index.php/bibliotecapucv/catalog/book/239 |y Disponible Online - Cap.1 - Omnividencia y ceguera del soberano.pdf | ||
| 942 | |c BK |2 ddc | ||
| 945 | |d 20170818 15:36:00 |a arojas | ||
| 952 | |0 0 |1 0 |2 ddc |3 erb |4 0 |6 946_030000000000000_BRE_2016 |7 0 |8 A |9 485133 |a BIBHIS |b BIBHIS |i 541539K |l 3 |o 946.03 BRE 2016 |p 541539K |r 2025-01-20 |s 2023-08-09 |t 1 |w 2019-11-24 |y BK |z Catalogado en:20170818 |k HIS | ||
| 952 | |0 0 |1 0 |2 ddc |3 erb |4 0 |6 946_030000000000000_BRE_2016 |7 0 |8 A |9 485134 |a BIBHIS |b BIBHIS |i 5479290 |l 2 |o 946.03 BRE 2016 |p 5479290 |r 2025-01-20 |s 2023-05-22 |t 2 |w 2019-11-24 |y BK |z Catalogado en:20180706 |k HIS | ||